| 000 | 00000nam 2200000zi 4500 |
| 001 | 9.938948 |
| 003 | CaOODSP |
| 005 | 20241125134049 |
| 006 | m o d f |
| 007 | cr mn||||||||| |
| 008 | 240604s1984 onc o f000 0 eng d |
| 040 | |aCaOODSP|beng|erda|cCaOODSP |
| 043 | |an-cn--- |
| 086 | 1 |aCo22-707/1984E-PDF |
| 245 | 00|aDiscussion paper on non-broadcasting radio licence fees in Canada. |
| 264 | 1|a[Ottawa] : |bGovernment of Canada, Department of Communications = Gouvernement du Canada, Ministère des communications, |c[1984?] |
| 300 | |a1 online resource (1 volume (various pagings)) |
| 336 | |atext|btxt|2rdacontent |
| 337 | |acomputer|bc|2rdamedia |
| 338 | |aonline resource|bcr|2rdacarrier |
| 500 | |aIssued also in French under title: Document de travail sur les droits de licence applicables aux stations radio autres que de radiodiffusion au Canada. |
| 500 | |aDigitized edition from print [produced by Innovation, Science and Economic Development Canada]. |
| 650 | 0|aRadio frequency allocation|zCanada. |
| 650 | 0|aFees, Administrative|zCanada. |
| 710 | 1 |aCanada. |bDepartment of Communications, |eissuing body. |
| 775 | 08|tDocument de travail sur les droits de licence applicables aux stations radio autres que de radiodiffusion au Canada.|w(CaOODSP)9.945520 |
| 856 | 40|qPDF|s1.38 MB|uhttps://publications.gc.ca/collections/collection_2024/isde-ised/co22/Co22-707-1984-eng.pdf |